Skoczkowie, którzy stanęli na podium w sezonie 2001/2002 - Statystyki

Ogólne statystyki
  • Ten quiz został rozwiązany 42 razy
  • Średni wynik to 10 z 17
Statystyki odpowiedzi
Liczba
podiów
Skoczek/zawodnik % Poprawnych
14 Adam Małysz
100%
1 Janne Ahonen
95%
4 Martin Schmitt
87%
12 Sven Hannawald
87%
1 Noriaki Kasai
77%
8 Matti Hautamäki
67%
5 Simon Ammann
67%
1 Andreas Goldberger
59%
6 Andreas Widhölzl
51%
2 Kazuyoshi Funaki
51%
1 Risto Jussilainen
46%
3 Martin Koch
41%
2 Stephan Hocke
41%
4 Martin Höllwarth
38%
1 Robert Kranjec
31%
1 Stefan Horngacher
26%
1 Veli - Matti Lindström
23%
Nie znaleziono quizów pasujących do podanych kryteriów
Rozkład punktacji
Procent ludzi z każdym wynikiem
Percentyl według liczby udzielonych odpowiedzi
Twoja historia wyników
Nie rozwiązałeś tego quizu